La remunicipalizacin̤ de Chiapas Lo polt̕ico y la polt̕ica en tiempos de contrainsurgencia /

Bibliographic Details
Main Author: Solano, Xochitl Leyva
Other Authors: Burguete Cal y Mayor, Araceli
Format: eBook
Language:Spanish
Published: Ciudad de Mx̌ico: Cm̀ara de Diputados, 2007
Subjects:
Online Access:Acceso restringido

MARC

LEADER 00000nam a22000007a 4500
005 20171221192915.0
007 cr|||| ||||
008 171221s2007 mx |||||s|||| 00||0 spa d
020 |a 978-970-701-993-5 
035 |a 20930 
040 |a vLex 
090 |c 7347  |d 7347 
100 1 |a Solano, Xochitl Leyva 
245 1 3 |a La remunicipalizacin̤ de Chiapas  |h [Recurso electrn̤ico] :  |b Lo polt̕ico y la polt̕ica en tiempos de contrainsurgencia /  |c Xochitl Leyva Solano; Araceli Burguete Cal y Mayor 
256 |a Servicio en ln̕ea 
260 |a Ciudad de Mx̌ico:  |b Cm̀ara de Diputados,  |c 2007 
300 |a 1 recurso electrn̤ico 
500 |a En los l︢timos aǫs Chiapas atrae las miradas de innumerables activistas, cooperantes, analistas y acadm̌icos. Pero siendo un privilegio, la multiplicacin̤ de los chiapanecl̤ogos es tambiň un riesgo, pues buena parte de las aproximaciones a la entidad son ejercicios de “pensamiento n︢ico”; disquisiciones “polt̕icamente correctas” de diverso signo que se conforman con ratificar convicciones y confirmar lo sabido. En un contexto de polarizacin̤ polt̕ica, los anl̀isis tienden al blanco y negro, soslayan los grises, sacrifican el matiz. Entonces, trabajos como las siete investigaciones municipales de este libro, las reflexiones que los anteceden y los suceden, y el debate que ocupa los l︢timos capt̕ulos, son oportunos y sugerentes. No sl̤o porque cada estudio tiene un ňfasis diferente y cada ensayo presenta argumentaciones diversas, tambiň porque todos se aproximan a la realidad local y regional con los ojos y los od̕os bien abiertos, con ǹimo de inquietar conciencias sociolg̤icas no de aquietarlas. La remunicipalizacin̤ del gobernador Albores Guillň fue sin duda autoritaria y verticalista, por el contrario el acercamiento analt̕ico del libro es respetuoso y horizontal; se trata, en sentido estricto, de estudios municipales “desde abajo”. Las siete experiencias chiapanecas de remunicipalizacin̤ inducida desde el gobierno, que motivan la reflexin̤ de los autores de este libro, son aleccionadoras menos por confirmar lo sabido que por enriquecerlo y con frecuencia cuestionarlo. No es lo mismo encuadrar diversos cursos regionales en conceptos genřicos que adentrarse en su abigarrada complejidad. Una cosa es apelar a los “casos” sin otro props̤ito que el de confirmar hipt̤esis preexistentes y otra muy distinta asomarse a las realidades concretas con preguntas abiertas; con disposicin̤ a lo sorprendente, a lo inesperado, a lo intelectualmente provocador. Comprender no es simplificar, y as ̕como es inconveniente almacenar vino nuevo en odres viejos, tampoco resulta recomendable encajonar realidades novedosas en conceptos rancios. Comprender es, efectivamente, cuestionar, complicar. 
506 1 |a Disponible solo en los productos indicados  |d vLex Global  |d vLex Global (Academic Edition, excluding Law Schools)  |d vLex Global (U.S. Academic Edition, Law Schools)  |d vLex Global (U.S. Academic Edition, excluding Law Schools)  |d vLex Global (Academic Edition, Law Schools) 
650 0 4 |a Derecho Constitucional  |z Mx̌ico 
700 1 |a Burguete Cal y Mayor, Araceli  
740 0 |a vLex Libros (Servicio en ln̕ea) 
856 4 0 |u http://vlex.com/source/remunicipalizacion-de-chiapas-lo-politico-y-la-politica-en-tiempos-de-contrainsurgencia-20930  |z Acceso restringido 
942 |c BOOK 
999 0 |a Constitutional law